| 000 | 00977cem a22002175a 4500 | ||
|---|---|---|---|
| 001 | L140325 | ||
| 008 | 070918r19311756ie a 0 f eng u | ||
| 035 | _a(Sirsi) u140325 | ||
| 041 | 0 | _aeng | |
| 100 | 1 |
_aRocque, John _dd. 1762 |
|
| 245 | 0 | 0 |
_aRocque's map of Dublin and environs _bdate c. 1756 _h[cartographic material] |
| 250 | _aFacsim. | ||
| 255 | _aScale 1:11880 | ||
| 260 |
_aDublin _bOrdnance Survey Department _c1931 |
||
| 300 |
_a1 map _c49 x 70 cm. |
||
| 500 | _aItem consists of a reproduction of Roque's original held by the National Library of Ireland, published on the bi-centenary of the Royal Dublin Society, 25 June 1931. | ||
| 500 | _aOriginal title of map reads: 'A plan of the City of Dublin and the environs on the same scale as London, Paris and Rome by John Rocque, Chorographer to his R. H. the Prince of Wales'. | ||
| 651 | 4 | _aDublin | |
| 690 | _aENVIRONMENTAL AND LAND CONSULTANCY-GEOMATICS-MAPPING AND POSITIONING-CARTOGRAPHY | ||
| 942 | _n0 | ||
| 999 |
_c116834 _d116834 |
||